00477 2200157 4500001002100000005001700021035002500038090001900063110004400082245008600126260003300212300002200245650002400267850001200291990001600303YOGYA00000000001318620150302193648.0 a0010-081400000012904 aT 331.11 Bad P aBadan penelitian dan pengembangan agama aPengembangan sumber daya manusia bagi...cBadan penelitian dan pengembangan agama aJakartabdepartemen agama RI av, 91 hlm.c21 cm aSumber daya manusia aYOPDYOG a1866-A/2000